000 01249nam a2200433 a 4500
003 AR-BaBNM
005 20251128203445.0
008 082120s2002 ||||||||||||||000 | spa||
020 _a84-316-1862-0
040 _cAR-BaBNM
245 0 0 _aHistoria social y económica de España y América
_n1
250 _a3ª ed.
260 _aBarcelona
_bVicens Vives
_c1979
300 _a557 p.
_bmapas
490 0 _aLibros Vicens. Bolsillo
500 _aIndice alfabético p. 539-557
504 _aContiene bibliografía para consultar p. 509-537
650 4 _aSOCIEDAD
650 4 _aECONOMIA
650 4 _aRELIGION
650 4 _aFEUDALISMO
650 4 _aLITERATURA
650 4 _aISLAM
650 4 _aCRISTIANISMO
650 4 _aCIENCIAS POLITICAS
650 4 _aCULTURA
650 4 _aPREHISTORIA
650 4 _aPOBLACIONES ABORIGENES
650 4 _aCOSTUMBRES
700 1 _aVicens Vives, Jaime
_edirector
700 1 _aPericot García, Luis
_ecolaborador
700 1 _aTarradell Mateu, Miguel
_ecolaborador
700 1 _aGarcía Tolsa, Jesús
_ecolaborador
700 1 _aFont Rius, José María
_ecolaborador
700 1 _aBague, Enrique
_ecolaborador
800 1 _aVicens Vives, J.
_edirector
942 _cBK
998 _cmariana
999 _c3472
_d3472